| 000 | 00310nam a2200121Ia 4500 | ||
|---|---|---|---|
| 008 | 230907s9999||||xx |||||||||||||| ||und|| | ||
| 082 |
_a519.603 _bENC |
||
| 245 | 0 | _aEncyclopedia of optimization / | |
| 260 |
_aSpringer, _bNew York : _c2009 |
||
| 300 | _a7 v. : | ||
| 650 |
_aEncyclopedias. _981679 |
||
| 942 | _cBK | ||
| 999 |
_c599887 _d599887 |
||